书目信息 |
| 题名: |
生态建筑
|
|
| 作者: | 冉茂宇 , 刘煜 主编 | |
| 分册: | ||
| 出版信息: | 武汉 华中科技大学出版社 2019 |
|
| 页数: | 352页 | |
| 开本: | 26cm | |
| 丛书名: | 普通高等院校建筑专业“十三五”规划精品教材 | |
| 单 册: | ||
| 中图分类: | TU18 | |
| 科图分类: | ||
| 主题词: | 生态建筑--sheng tai jian zhu--高等学校--教材 | |
| 电子资源: | ||
| ISBN: | 978-7-5680-2553-9 | |
| 000 | 01526nam 2200313 45 | |
| 001 | 012001003160 | |
| 005 | 20191204104546.23 | |
| 010 | @a978-7-5680-2553-9@dCNY69.80 | |
| 099 | @aCAL 012019111853 | |
| 100 | @a20190916d2017 em y0chiy50 ea | |
| 101 | 0 | @achi |
| 102 | @aCN@b420000 | |
| 105 | @aak a 001yy | |
| 106 | @ar | |
| 200 | 1 | @a生态建筑@Asheng tai jian zhu@d= Ecological architecture@f主编冉茂宇, 刘煜@zeng |
| 205 | @a第3版 | |
| 210 | @a武汉@c华中科技大学出版社@d2019 | |
| 215 | @a352页@c图@d26cm | |
| 225 | 2 | @a普通高等院校建筑专业“十三五”规划精品教材@Apu tong gao deng yuan xiao jian zhu zhuan ye“shi san wu”gui hua jing pin jiao cai |
| 320 | @a有书目 (第347-352页) 和索引 | |
| 330 | @a本书是《生态建筑 (第二版)》的修订版, 第二版问世以来, 认可使用的院校较多, 但由于第二版教材较厚, 定价56元, 影响了一些学校的用书, 在第三版修订的时候, 已经建议作者精简内容, 使修订版教材的定价更加适应院校的选书规则。本书的内容从生态建筑的原理和基本知识入手, 详细介绍了生态建筑的基础、概论、场地分析、场地设计、仿生设计、生态建筑技术、生态建筑的实践与评价, 并且在附录中介绍了气候分析的工具与方法, 是一本内容全面的建筑学专业教科书, 同时改版后, 教材内容更新, 知识点更精炼。 | |
| 410 | 0 | @12001 @a普通高等院校建筑专业“十三五”规划精品教材 |
| 510 | 1 | @aEcological architecture@zeng |
| 606 | 0 | @a生态建筑@Asheng tai jian zhu@x高等学校@j教材 |
| 690 | @aTU18@v4 | |
| 701 | 0 | @a冉茂宇@Aran mao yu@4主编 |
| 701 | 0 | @a刘煜@Aliu yu@4主编 |
| 801 | 0 | @aCN@b北京卓展@c20191020 |
| 905 | @b1210603-6@dTU18@e1553=3@f4 | |
| 生态建筑= Ecological architecture/主编冉茂宇, 刘煜.-第3版.-武汉:华中科技大学出版社,2019 |
| 352页:图;26cm.-(普通高等院校建筑专业“十三五”规划精品教材) |
| ISBN 978-7-5680-2553-9:CNY69.80 |
| 本书是《生态建筑 (第二版)》的修订版, 第二版问世以来, 认可使用的院校较多, 但由于第二版教材较厚, 定价56元, 影响了一些学校的用书, 在第三版修订的时候, 已经建议作者精简内容, 使修订版教材的定价更加适应院校的选书规则。本书的内容从生态建筑的原理和基本知识入手, 详细介绍了生态建筑的基础、概论、场地分析、场地设计、仿生设计、生态建筑技术、生态建筑的实践与评价, 并且在附录中介绍了气候分析的工具与方法, 是一本内容全面的建筑学专业教科书, 同时改版后, 教材内容更新, 知识点更精炼。 |
| ● |
| 相关链接 |
|
|
|
|
正题名:生态建筑
索取号:TU18/1553=3
 
预约/预借
| 序号 | 登录号 | 条形码 | 馆藏地/架位号 | 状态 | 备注 |
| 1 | 1210603 | 212106031 | 第二样本阅览室/ [索取号:TU18/1553=3] | 在馆 | |
| 2 | 1210604 | 212106040 | 第三借阅区/ [索取号:TU18/1553=3] | 在馆 | |
| 3 | 1210605 | 212106059 | 第三借阅区/ [索取号:TU18/1553=3] | 在馆 | |
| 4 | 1210606 | 212106068 | 第三借阅区/ [索取号:TU18/1553=3] | 在馆 |